000 00627nam a22002297a 4500
003 UA-OsUOA
001 94492
007 ta
008 20130212b un ||||| |||| 00| 0 ukr d
100 _aГорький М.
090 _a821.161.1
_bГ71
942 _cBK
040 _aUA-OsUOA
_brus
_cUA-OsUOA
_dUA-OsUOA
245 _aО детской литературе
_bстатьи и высказывания
300 _a431 с.
955 _a3
041 _arus
080 _a821.161.1
260 _aМ.
_bГИДЛ
_c1958
650 7 _a82 Література. Літературознавство
_2UDC
999 _c380742
_d380742